LEADER 01794nam 2200517 450 001 9910465300803321 005 20210830092807.0 010 $a1-4698-8488-7 035 $a(CKB)3710000000647460 035 $a(SSID)ssj0001672151 035 $a(PQKBManifestationID)16469793 035 $a(PQKBTitleCode)TC0001672151 035 $a(PQKBWorkID)15007495 035 $a(PQKB)11632300 035 $a(MiAaPQ)EBC4786256 035 $a(Au-PeEL)EBL4786256 035 $a(CaPaEBR)ebr11330380 035 $a(OCoLC)971365991 035 $a(EXLCZ)993710000000647460 100 $a20160405h20162016 uy| 0 101 0 $aeng 135 $aurcnu|||||||| 181 $ctxt 182 $cc 183 $acr 200 00$aPocket orthopaedic surgery /$feditors, Jay (Jamal) Boughanem, MD, Attending Orthopaedic Surgeon, Clinical Assistant Professor, University of Hawaii, Hilo, Hawaii, Ritesh R. Shah, MD, Director of Hip and Knee Research, Hip Arthroscopy and Hip Preservation, Hip and Knee Reconstruction, Revision Hip and Knee Reconstruction, Illinois Bone and Joint Institute, LLC, The Center for Orthopaedic Surgery, Morton Grove, Illinois 210 1$aPhiladelphia :$cWolters Kluwer,$d[2016] 210 4$dİ2016 215 $a1 online resource (719 pages) $cillustrations 225 1 $aPocket notebook 300 $aIncludes index. 311 $a1-4511-8566-9 410 0$aPocket notebook. 606 $aOrthopedic surgery 608 $aElectronic books. 615 0$aOrthopedic surgery. 676 $a617.4/7 702 $aBoughanem$b Jay (Jamal) 702 $aShah$b Ritesh R. 801 0$bMiAaPQ 801 1$bMiAaPQ 801 2$bMiAaPQ 906 $aBOOK 912 $a9910465300803321 996 $aPocket orthopaedic surgery$92469439 997 $aUNINA LEADER 01278nam 2200325 n 450 001 996391496903316 005 20221108095407.0 035 $a(CKB)1000000000658812 035 $a(EEBO)2240872186 035 $a(UnM)99825849 035 $a(UnM)9927529300971 035 $a(EXLCZ)991000000000658812 100 $a19941114d1660 uy | 101 0 $aeng 135 $aurbn||||a|bb| 200 04$aThe third book of Homers Iliads. Translated by Thomas Grantham, professor of the speedy way of teaching the Hebrew, Greek, and Latine tongues, in Mermaid-Court in Gutter-lane, near Cheapside, London$b[electronic resource] 210 $aLondon $cprinted by M.I. for the author$d1660 215 $a[4], 11, [1] p 300 $aReproduction of the original in the Harvard University Library. 330 $aeebo-0062 700 $aHomer$0155559 701 $aGrantham$b Thomas$fd. 1664.$01001630 801 0$bCu-RivES 801 1$bCu-RivES 801 2$bCStRLIN 801 2$bWaOLN 906 $aBOOK 912 $a996391496903316 996 $aThe third book of Homers Iliads. Translated by Thomas Grantham, professor of the speedy way of teaching the Hebrew, Greek, and Latine tongues, in Mermaid-Court in Gutter-lane, near Cheapside, London$92340892 997 $aUNISA